100 best footballers of the 21st century - Statistics

General Stats
  • This quiz has been taken 242 times
  • The average score is 46 of 100
Answer Stats
Hint Answer % Correct
2 Cristiano Ronaldo
100%
1 Lionel Messi
99%
17 Ronaldo
99%
25 Neymar
89%
3 Andres Iniesta
84%
5 Ronaldinho
82%
4 Xavi
82%
8 Manuel Neuer
78%
18 Philipp Lahm
77%
14 Luka Modric
76%
11 Karim Benzema
74%
33 Kylian Mbappe
74%
19 Sergio Ramos
74%
36 Gianluigi Buffon
73%
6 Zinedine Zidane
73%
10 Luis Suarez
70%
28 Robert Lewandowski
70%
9 Kaka
66%
7 Thierry Henry
66%
45 Toni Kroos
66%
49 Kevin De Bruyne
64%
21 Steven Gerrard
63%
20 Thomas Muller
63%
16 Wayne Rooney
63%
37 Frank Lampard
62%
24 Gerard Pique
62%
27 Iker Casillas
61%
30 Sergio Busquets
61%
48 Carlos Puyol
57%
63 Paolo Maldini
57%
13 Zlatan Ibrahimovic
57%
34 Andrea Pirlo
55%
22 Arjen Robben
55%
26 Sergio Aguero
55%
87 Thiago Silva
55%
65 David Beckham
53%
29 Gareth Bale
53%
42 Mohamed Salah
53%
59 Roberto Carlos
53%
75 David Silva
52%
41 Didier Drogba
52%
12 Dani Alves
49%
60 Eden Hazard
49%
66 Marcelo
49%
58 Paul Scholes
49%
74 Alessandro Nesta
47%
68 Cafu
47%
71 Fabio Cannavaro
47%
40 Franck Ribery
47%
56 Virgil Van Dijk
45%
57 Angel Di Maria
44%
46 John Terry
44%
53 Antoine Griezmann
43%
98 Rivaldo
43%
67 Harry Kane
42%
81 Ryan Giggs
42%
61 David Villa
41%
85 Fernando Torres
41%
44 Luis Figo
40%
51 Pavel Nedved
40%
50 Xabi Alonso
39%
79 Edinson Cavani
38%
32 Rio Ferdinand
38%
15 Samuel Eto'o
38%
31 Andriy Shevchenko
37%
93 Mesut Ozil
36%
39 Francesco Totti
35%
23 Ashley Cole
34%
69 Bastian Schweinsteiger
34%
38 Patrick Vieira
34%
52 Petr Cech
34%
88 Thibaut Courtois
34%
77 N'golo Kante
33%
73 Wesley Sneijder
33%
64 Ruud Van Nistelrooy
32%
62 Nemanja Vidic
30%
94 Javier Zanetti
28%
47 Yaya Toure
26%
92 Edwin Van Der Sar
25%
43 Vincent Kompany
25%
80 Alexis Sanchez
24%
91 Carlos Tevez
24%
72 Cesc Fabregas
24%
99 Miroslav Klose
22%
83 Raphael Varane
22%
70 Raul
22%
76 Jan Oblak
20%
55 Michael Ballack
20%
96 David De Gea
18%
78 Ivan Rakitic
17%
35 Claude Makelele
16%
89 Hernan Crespo
13%
54 Radamel Falcao
13%
95 Deco
12%
82 Raheem Sterling
11%
100 Trent Alexander-Arnold
11%
86 Juan Roman Riquelme
9%
97 Luca Toni
9%
90 Arturo Vidal
7%
84 Henrik Larsson
5%
No matching quizzes found
Score Distribution
Percent of People with Each Score
Percentile by Number Answered
Your Score History
You have not taken this quiz